| 000 | 005950000a22001810004500 | ||
|---|---|---|---|
| 003 | MACL | ||
| 005 | 20160604154932.0 | ||
| 008 | 160604b xxu||||| |||| 00| 0 eng d | ||
| 040 |
_aMACL _cMACL |
||
| 041 | _aHindi | ||
| 082 | _a920 | ||
| 100 |
_aरूबेन, बन्नी _962439 |
||
| 245 |
_aऔर प्राण _bएक सचित्र जीवन यात्रा _cबन्नी रूबेन |
||
| 260 |
_bसरस्वती विहार _c2008 _aदिल्ली |
||
| 350 | _a495 | ||
| 650 |
_aBiography _962440 |
||
| 942 |
_cHIN _k920/RUB _2ddc |
||
| 999 |
_c43960 _d43960 |
||